[Event "English Open Championship 2024"]
[Site "Holiday Inn, 212 Abbey End, Kenilworth CV8 1ED, United Kingdom"]
[Date "2024.06.21"]
[Round "4.29"]
[White "Zakarian, Dimitrios Levon"]
[Black "Mclachlan, Matthew"]
[Result "0-1"]
[TimeControl "G90 + 30secs/move"]
[WhiteFideId "453080"]
[BlackFideId "436003"]
[WhiteElo "1966"]
[BlackElo "1917"]

1. d4 {[%clk 01:30:56]} {[%emt 00:00:02]} Nf6 {[%clk 01:30:53]} {[%emt
00:00:07]} 2. c4 {[%clk 01:31:19]} {[%emt 00:00:08]} c5 {[%clk 01:31:15]}
{[%emt 00:00:08]} 3. d5 {[%clk 01:31:43]} {[%emt 00:00:05]} e6 {[%clk
01:31:37]} {[%emt 00:00:08]} 4. Nc3 {[%clk 01:32:08]} {[%emt 00:00:05]} exd5
{[%clk 01:32:02]} {[%emt 00:00:05]} 5. cxd5 {[%clk 01:32:33]} {[%emt 00:00:05]}
d6 {[%clk 01:32:26]} {[%emt 00:00:07]} 6. Nf3 {[%clk 01:32:57]} {[%emt
00:00:06]} g6 {[%clk 01:32:48]} {[%emt 00:00:08]} 7. Bf4 {[%clk 01:33:20]}
{[%emt 00:00:06]} a6 {[%clk 01:33:09]} {[%emt 00:00:10]} 8. a4 {[%clk
01:33:46]} {[%emt 00:00:04]} Bg7 {[%clk 01:33:26]} {[%emt 00:00:14]} 9. h3
{[%clk 01:34:07]} {[%emt 00:00:07]} O-O {[%clk 01:33:35]} {[%emt 00:00:21]} 10.
e3 {[%clk 01:34:33]} {[%emt 00:00:05]} b6 {[%clk 01:33:34]} {[%emt 00:00:31]}
11. Be2 {[%clk 01:33:08]} {[%emt 00:01:56]} Ne8 {[%clk 01:32:25]} {[%emt
00:01:39]} 12. O-O {[%clk 01:32:14]} {[%emt 00:01:23]} Nd7 {[%clk 01:32:30]}
{[%emt 00:00:25]} 13. Nd2 {[%clk 01:29:53]} {[%emt 00:02:51]} Ne5 {[%clk
01:32:49]} {[%emt 00:00:11]} 14. Bh2 {[%clk 01:29:12]} {[%emt 00:01:11]} f5
{[%clk 01:26:16]} {[%emt 00:07:03]} 15. f4 {[%clk 01:22:32]} {[%emt 00:07:10]}
Nf7 {[%clk 01:26:38]} {[%emt 00:00:08]} 16. e4 {[%clk 01:22:49]} {[%emt
00:00:12]} Nf6 {[%clk 01:03:20]} {[%emt 00:23:49]} 17. Bf3 {[%clk 01:18:35]}
{[%emt 00:04:45]} fxe4 {[%clk 01:02:22]} {[%emt 00:01:26]} 18. Ndxe4 {[%clk
01:18:45]} {[%emt 00:00:20]} Nxe4 {[%clk 01:02:22]} {[%emt 00:00:31]} 19. Bxe4
{[%clk 01:18:59]} {[%emt 00:00:16]} Nh6 {[%clk 00:54:18]} {[%emt 00:08:34]} 20.
Qd3 {[%clk 01:13:42]} {[%emt 00:05:48]} Nf5 {[%clk 00:48:48]} {[%emt 00:05:59]}
21. Kh1 {[%clk 01:06:45]} {[%emt 00:07:27]} Ra7 {[%clk 00:48:14]} {[%emt
00:01:05]} 22. Rae1 {[%clk 00:59:56]} {[%emt 00:07:17]} Raf7 {[%clk 00:46:31]}
{[%emt 00:02:14]} 23. b3 {[%clk 00:57:26]} {[%emt 00:03:00]} b5 {[%clk
00:43:49]} {[%emt 00:03:12]} 24. g4 {[%clk 00:55:03]} {[%emt 00:02:53]} Nd4
{[%clk 00:42:18]} {[%emt 00:02:01]} 25. Ne2 {[%clk 00:54:39]} {[%emt 00:00:53]}
c4 {[%clk 00:41:39]} {[%emt 00:01:10]} 26. bxc4 {[%clk 00:52:51]} {[%emt
00:02:17]} Nxe2 {[%clk 00:41:57]} {[%emt 00:00:13]} 27. Qxe2 {[%clk 00:50:21]}
{[%emt 00:03:01]} b4 {[%clk 00:41:52]} {[%emt 00:00:35]} 28. Qd3 {[%clk
00:48:30]} {[%emt 00:02:20]} Qf6 {[%clk 00:39:11]} {[%emt 00:03:11]} 29. f5
{[%clk 00:47:12]} {[%emt 00:01:48]} g5 {[%clk 00:38:44]} {[%emt 00:00:57]} 30.
a5 {[%clk 00:44:50]} {[%emt 00:02:52]} Qd8 {[%clk 00:33:18]} {[%emt 00:05:56]}
31. Rb1 {[%clk 00:36:49]} {[%emt 00:08:30]} Bc3 {[%clk 00:30:51]} {[%emt
00:02:57]} 32. h4 {[%clk 00:28:52]} {[%emt 00:08:28]} h6 {[%clk 00:28:36]}
{[%emt 00:02:45]} 33. hxg5 {[%clk 00:28:54]} {[%emt 00:00:27]} hxg5 {[%clk
00:27:59]} {[%emt 00:01:08]} 34. Rf3 {[%clk 00:27:46]} {[%emt 00:01:38]} Qf6
{[%clk 00:26:43]} {[%emt 00:01:46]} 35. Kg2 {[%clk 00:23:32]} {[%emt 00:04:44]}
Re8 {[%clk 00:26:34]} {[%emt 00:00:39]} 36. Re3 {[%clk 00:18:17]} {[%emt
00:05:45]} Rfe7 {[%clk 00:26:54]} {[%emt 00:00:10]} 37. Re2 {[%clk 00:18:24]}
{[%emt 00:00:23]} Rh7 {[%clk 00:17:44]} {[%emt 00:09:40]} 38. Bg3 {[%clk
00:16:35]} {[%emt 00:02:19]} Be5 {[%clk 00:12:34]} {[%emt 00:05:41]} 39. Ree1
{[%clk 00:06:41]} {[%emt 00:10:23]} Kf7 {[%clk 00:11:57]} {[%emt 00:01:07]} 40.
Rh1 {[%clk 00:04:23]} {[%emt 00:02:48]} Rxh1 {[%clk 00:10:53]} {[%emt
00:01:33]} 41. Rxh1 {[%clk 00:03:52]} {[%emt 00:01:02]} Bxg3 {[%clk 00:11:17]}
{[%emt 00:00:06]} 0-1

[Event "English Open Championship 2024"]
[Site "Holiday Inn, 212 Abbey End, Kenilworth CV8 1ED, United Kingdom"]
[Date "2024.06.21"]
[Round "4.30"]
[White "Kilambi, Venkata Ananth Akshay"]
[Black "Dias, Savin"]
[Result "0-1"]
[TimeControl "G90 + 30secs/move"]
[WhiteFideId "489395"]
[BlackFideId "442399"]
[WhiteElo "1865"]
[BlackElo "1983"]

1. c4 {[%clk 01:30:57]} {[%emt 00:00:01]} e5 {[%clk 01:28:21]} {[%emt
00:02:40]} 2. Nc3 {[%clk 01:31:22]} {[%emt 00:00:05]} Nf6 {[%clk 01:28:48]}
{[%emt 00:00:03]} 3. Nf3 {[%clk 01:31:47]} {[%emt 00:00:05]} Nc6 {[%clk
01:29:09]} {[%emt 00:00:09]} 4. e3 {[%clk 01:32:12]} {[%emt 00:00:05]} Bb4
{[%clk 01:29:33]} {[%emt 00:00:07]} 5. Qc2 {[%clk 01:32:36]} {[%emt 00:00:05]}
Bxc3 {[%clk 01:29:50]} {[%emt 00:00:13]} 6. Qxc3 {[%clk 01:33:01]} {[%emt
00:00:05]} Qe7 {[%clk 01:30:15]} {[%emt 00:00:05]} 7. d4 {[%clk 01:33:25]}
{[%emt 00:00:06]} e4 {[%clk 01:30:40]} {[%emt 00:00:05]} 8. Nd2 {[%clk
01:33:44]} {[%emt 00:00:11]} d5 {[%clk 01:30:48]} {[%emt 00:00:22]} 9. b3
{[%clk 01:33:51]} {[%emt 00:00:23]} O-O {[%clk 01:28:06]} {[%emt 00:03:12]} 10.
a4 {[%clk 01:28:42]} {[%emt 00:05:38]} a5 {[%clk 01:26:52]} {[%emt 00:01:46]}
11. Ba3 {[%clk 01:27:20]} {[%emt 00:01:51]} Nb4 {[%clk 01:27:15]} {[%emt
00:00:07]} 12. c5 {[%clk 01:24:03]} {[%emt 00:03:48]} Nc6 {[%clk 01:26:45]}
{[%emt 00:01:00]} 13. Bb5 {[%clk 01:21:40]} {[%emt 00:02:52]} Ng4 {[%clk
01:21:15]} {[%emt 00:05:59]} 14. h3 {[%clk 01:06:49]} {[%emt 00:15:21]} Qh4
{[%clk 01:20:01]} {[%emt 00:01:44]} 15. Rf1 {[%clk 01:03:56]} {[%emt 00:03:23]}
Nh6 {[%clk 01:18:04]} {[%emt 00:02:27]} 16. O-O-O {[%clk 01:03:01]} {[%emt
00:01:26]} f5 {[%clk 01:14:18]} {[%emt 00:04:16]} 17. Bb2 {[%clk 00:42:27]}
{[%emt 00:21:05]} Rf6 {[%clk 01:10:30]} {[%emt 00:04:17]} 18. Nc4 {[%clk
00:26:08]} {[%emt 00:16:50]} Ne7 {[%clk 00:36:07]} {[%emt 00:34:52]} 19. Nxa5
{[%clk 00:21:53]} {[%emt 00:04:45]} Rg6 {[%clk 00:35:17]} {[%emt 00:01:20]} 20.
g3 {[%clk 00:19:00]} {[%emt 00:03:23]} Qxh3 {[%clk 00:34:37]} {[%emt 00:01:10]}
21. c6 {[%clk 00:18:48]} {[%emt 00:00:42]} b6 {[%clk 00:31:13]} {[%emt
00:03:55]} 22. Nb7 {[%clk 00:19:13]} {[%emt 00:00:03]} f4 {[%clk 00:29:58]}
{[%emt 00:01:46]} 23. exf4 {[%clk 00:14:34]} {[%emt 00:05:09]} Qe6 {[%clk
00:29:03]} {[%emt 00:01:25]} 24. a5 {[%clk 00:12:15]} {[%emt 00:02:49]} Nxc6
{[%clk 00:27:53]} {[%emt 00:01:40]} 25. a6 {[%clk 00:12:00]} {[%emt 00:00:45]}
Bd7 {[%clk 00:27:22]} {[%emt 00:01:01]} 26. Kb1 {[%clk 00:10:40]} {[%emt
00:01:50]} Nb8 {[%clk 00:22:08]} {[%emt 00:05:44]} 27. Be2 {[%clk 00:08:48]}
{[%emt 00:02:21]} Qc6 {[%clk 00:16:03]} {[%emt 00:06:36]} 28. Rc1 {[%clk
00:06:50]} {[%emt 00:02:28]} Nxa6 {[%clk 00:14:31]} {[%emt 00:02:03]} 29. Bxa6
{[%clk 00:06:28]} {[%emt 00:00:52]} Rxa6 {[%clk 00:14:24]} {[%emt 00:00:37]} 30.
Nd8 {[%clk 00:05:56]} {[%emt 00:01:01]} Qxc3 {[%clk 00:14:05]} {[%emt
00:00:49]} 31. Rxc3 {[%clk 00:06:21]} {[%emt 00:00:05]} Ra8 {[%clk 00:14:06]}
{[%emt 00:00:29]} 32. Nb7 {[%clk 00:04:21]} {[%emt 00:02:31]} Bc6 {[%clk
00:14:19]} {[%emt 00:00:16]} 33. Nc5 {[%clk 00:04:17]} {[%emt 00:00:34]} bxc5
{[%clk 00:14:22]} {[%emt 00:00:27]} 34. Rxc5 {[%clk 00:04:41]} {[%emt
00:00:06]} Nf5 {[%clk 00:13:59]} {[%emt 00:00:52]} 35. Rfc1 {[%clk 00:03:39]}
{[%emt 00:01:31]} Ne7 {[%clk 00:13:43]} {[%emt 00:00:48]} 36. b4 {[%clk
00:03:24]} {[%emt 00:00:45]} e3 {[%clk 00:13:20]} {[%emt 00:00:53]} 37. b5
{[%clk 00:02:32]} {[%emt 00:01:22]} Bd7 {[%clk 00:13:33]} {[%emt 00:00:17]} 38.
fxe3 {[%clk 00:02:12]} {[%emt 00:00:50]} Bf5+ {[%clk 00:13:57]} {[%emt
00:00:06]} 39. R1c2 {[%clk 00:02:26]} {[%emt 00:00:17]} Ra7 {[%clk 00:14:02]}
{[%emt 00:00:24]} 40. Bc3 {[%clk 00:01:49]} {[%emt 00:01:07]} Rxg3 {[%clk
00:14:18]} {[%emt 00:00:13]} 41. Kb2 {[%clk 00:01:32]} {[%emt 00:00:49]} Bxc2
{[%clk 00:14:41]} {[%emt 00:00:06]} 42. Kxc2 {[%clk 00:02:00]} {[%emt
00:00:02]} h5 {[%clk 00:14:40]} {[%emt 00:00:31]} 43. Be1 {[%clk 00:02:02]}
{[%emt 00:00:27]} Rxe3 {[%clk 00:15:06]} {[%emt 00:00:05]} 44. Bh4 {[%clk
00:02:30]} {[%emt 00:00:03]} Nf5 {[%clk 00:15:20]} {[%emt 00:00:15]} 45. Bd8
{[%clk 00:02:48]} {[%emt 00:00:13]} Nxd4+ {[%clk 00:15:00]} {[%emt 00:00:50]}
46. Kb2 {[%clk 00:03:07]} {[%emt 00:00:10]} Rb3+ {[%clk 00:15:22]} {[%emt
00:00:08]} 47. Kc1 {[%clk 00:03:32]} {[%emt 00:00:06]} Ra1+ {[%clk 00:15:46]}
{[%emt 00:00:06]} 48. Kd2 {[%clk 00:03:58]} {[%emt 00:00:03]} Ra2+ {[%clk
00:16:10]} {[%emt 00:00:06]} 49. Kd1 {[%clk 00:04:12]} {[%emt 00:00:17]} Rh3
{[%clk 00:16:24]} {[%emt 00:00:15]} 0-1

[Event "English Open Championship 2024"]
[Site "Holiday Inn, 212 Abbey End, Kenilworth CV8 1ED, United Kingdom"]
[Date "2024.06.21"]
[Round "4.31"]
[White "Waterfield, Mark B"]
[Black "Dasgupta, Avyukt"]
[Result "0-1"]
[TimeControl "G90 + 30secs/move"]
[WhiteFideId "464910"]
[BlackFideId "480630"]
[WhiteElo "1839"]
[BlackElo "2031"]

1. e4 {[%clk 01:30:44]} {[%emt 01:52:53]} e6 {[%clk 01:29:19]} {[%emt
00:01:43]} 2. d4 {[%clk 01:30:03]} {[%emt 00:01:11]} d5 {[%clk 01:29:28]}
{[%emt 00:00:22]} 3. Nd2 {[%clk 01:30:25]} {[%emt 00:00:07]} dxe4 {[%clk
01:29:53]} {[%emt 00:00:05]} 4. Nxe4 {[%clk 01:30:50]} {[%emt 00:00:05]} Bd7
{[%clk 01:30:21]} {[%emt 00:00:02]} 5. Nf3 {[%clk 01:31:11]} {[%emt 00:00:09]}
Bc6 {[%clk 01:30:48]} {[%emt 00:00:04]} 6. Bd3 {[%clk 01:31:36]} {[%emt
00:00:05]} Nd7 {[%clk 01:31:15]} {[%emt 00:00:03]} 7. O-O {[%clk 01:31:57]}
{[%emt 00:00:08]} Ngf6 {[%clk 01:31:43]} {[%emt 00:00:03]} 8. Ng3 {[%clk
01:32:17]} {[%emt 00:00:10]} g6 {[%clk 01:32:08]} {[%emt 00:00:05]} 9. b3
{[%clk 01:32:29]} {[%emt 00:00:18]} Bg7 {[%clk 01:32:34]} {[%emt 00:00:03]} 10.
Ba3 {[%clk 01:32:53]} {[%emt 00:00:06]} Bf8 {[%clk 01:33:01]} {[%emt 00:00:03]}
11. Bb2 {[%clk 01:33:16]} {[%emt 00:00:07]} Bg7 {[%clk 01:33:27]} {[%emt
00:00:05]} 12. c4 {[%clk 01:33:33]} {[%emt 00:00:13]} O-O {[%clk 01:33:42]}
{[%emt 00:00:14]} 13. Re1 {[%clk 01:31:43]} {[%emt 00:02:20]} a5 {[%clk
01:33:16]} {[%emt 00:00:57]} 14. Rb1 {[%clk 01:31:03]} {[%emt 00:01:10]} Re8
{[%clk 01:33:16]} {[%emt 00:00:30]} 15. Bf1 {[%clk 01:28:26]} {[%emt 00:03:07]}
Bxf3 {[%clk 01:27:59]} {[%emt 00:05:47]} 16. Qxf3 {[%clk 01:28:45]} {[%emt
00:00:11]} c6 {[%clk 01:28:23]} {[%emt 00:00:06]} 17. a3 {[%clk 01:17:37]}
{[%emt 00:11:38]} Qc7 {[%clk 01:22:58]} {[%emt 00:05:54]} 18. Rbd1 {[%clk
01:01:54]} {[%emt 00:16:13]} Rab8 {[%clk 01:14:05]} {[%emt 00:09:24]} 19. b4
{[%clk 01:01:15]} {[%emt 00:01:09]} axb4 {[%clk 01:12:42]} {[%emt 00:01:53]} 20.
axb4 {[%clk 01:01:37]} {[%emt 00:00:07]} b5 {[%clk 01:12:12]} {[%emt 00:01:00]}
21. d5 {[%clk 00:43:14]} {[%emt 00:18:53]} cxd5 {[%clk 01:07:06]} {[%emt
00:05:37]} 22. cxb5 {[%clk 00:42:10]} {[%emt 00:01:33]} Qd6 {[%clk 01:01:55]}
{[%emt 00:05:41]} 23. Qb3 {[%clk 00:40:54]} {[%emt 00:01:45]} e5 {[%clk
00:49:22]} {[%emt 00:13:04]} 24. Rc1 {[%clk 00:39:39]} {[%emt 00:01:46]} Rbc8
{[%clk 00:45:24]} {[%emt 00:04:28]} 25. Ra1 {[%clk 00:38:02]} {[%emt 00:02:06]}
Bf8 {[%clk 00:40:56]} {[%emt 00:04:59]} 26. Bc3 {[%clk 00:34:42]} {[%emt
00:03:50]} d4 {[%clk 00:37:24]} {[%emt 00:04:02]} 27. Bd2 {[%clk 00:35:04]}
{[%emt 00:00:07]} Qd5 {[%clk 00:34:53]} {[%emt 00:03:01]} 28. Qb1 {[%clk
00:23:02]} {[%emt 00:12:32]} e4 {[%clk 00:27:29]} {[%emt 00:07:55]} 29. Ra6
{[%clk 00:22:30]} {[%emt 00:01:02]} d3 {[%clk 00:26:25]} {[%emt 00:01:34]} 30.
Rc6 {[%clk 00:19:31]} {[%emt 00:03:28]} Rxc6 {[%clk 00:24:50]} {[%emt
00:02:05]} 31. bxc6 {[%clk 00:19:51]} {[%emt 00:00:10]} Qxc6 {[%clk 00:24:53]}
{[%emt 00:00:27]} 32. b5 {[%clk 00:19:59]} {[%emt 00:00:22]} Qb6 {[%clk
00:23:17]} {[%emt 00:02:06]} 33. Qb3 {[%clk 00:13:08]} {[%emt 00:07:21]} Bc5
{[%clk 00:23:00]} {[%emt 00:00:47]} 34. Be3 {[%clk 00:13:01]} {[%emt 00:00:37]}
Bxe3 {[%clk 00:23:05]} {[%emt 00:00:25]} 35. Rxe3 {[%clk 00:12:57]} {[%emt
00:00:33]} Ng4 {[%clk 00:22:46]} {[%emt 00:00:50]} 36. Rxe4 {[%clk 00:07:04]}
{[%emt 00:06:23]} Qxf2+ {[%clk 00:23:02]} {[%emt 00:00:14]} 37. Kh1 {[%clk
00:07:31]} {[%emt 00:00:02]} Rxe4 {[%clk 00:23:06]} {[%emt 00:00:27]} 38. Qxd3
{[%clk 00:07:39]} {[%emt 00:00:22]} Re1 {[%clk 00:22:08]} {[%emt 00:01:28]} 39.
Qc4 {[%clk 00:06:49]} {[%emt 00:01:20]} Nde5 {[%clk 00:21:27]} {[%emt
00:01:11]} 0-1

[Event "English Open Championship 2024"]
[Site "Holiday Inn, 212 Abbey End, Kenilworth CV8 1ED, United Kingdom"]
[Date "2024.06.21"]
[Round "4.32"]
[White "Zhang, Junyi"]
[Black "Mehrafarin, Amirabbas"]
[Result "1/2-1/2"]
[TimeControl "G90 + 30secs/move"]
[WhiteFideId "494437"]
[BlackFideId "12506966"]
[WhiteElo "1962"]
[BlackElo "1825"]

1. e4 {[%clk 01:30:56]} {[%emt 00:00:02]} c6 {[%clk 01:23:45]} {[%emt
00:07:06]} 2. Nc3 {[%clk 01:31:12]} {[%emt 00:00:24]} d5 {[%clk 01:23:59]}
{[%emt 00:00:16]} 3. Nf3 {[%clk 01:31:34]} {[%emt 00:00:07]} dxe4 {[%clk
01:24:09]} {[%emt 00:00:21]} 4. Nxe4 {[%clk 01:32:00]} {[%emt 00:00:05]} Nf6
{[%clk 01:24:30]} {[%emt 00:00:09]} 5. Qe2 {[%clk 01:32:18]} {[%emt 00:00:12]}
Bf5 {[%clk 01:21:33]} {[%emt 00:03:26]} 6. d3 {[%clk 01:31:20]} {[%emt
00:01:29]} e6 {[%clk 01:21:22]} {[%emt 00:00:41]} 7. Ng3 {[%clk 01:29:57]}
{[%emt 00:01:53]} Bg4 {[%clk 01:17:42]} {[%emt 00:04:08]} 8. h3 {[%clk
01:28:11]} {[%emt 00:02:15]} Bxf3 {[%emt 00:00:57]} 9. Qxf3 {[%clk 01:27:39]}
{[%emt 00:00:21]} Qb6 {[%clk 01:16:50]} {[%emt 00:01:37]} 10. Be2 {[%clk
01:24:55]} {[%emt 00:03:08]} Nbd7 {[%clk 01:15:24]} {[%emt 00:02:03]} 11. O-O
{[%clk 01:20:32]} {[%emt 00:04:54]} Be7 {[%clk 01:08:48]} {[%emt 00:07:05]} 12.
Rd1 {[%clk 01:08:31]} {[%emt 00:12:31]} c5 {[%clk 01:08:43]} {[%emt 00:00:35]}
13. b3 {[%clk 01:07:19]} {[%emt 00:01:42]} Ne5 {[%clk 01:08:52]} {[%emt
00:00:21]} 14. Qe3 {[%clk 01:04:03]} {[%emt 00:03:46]} Nd5 {[%clk 01:06:12]}
{[%emt 00:03:10]} 15. Qd2 {[%clk 01:02:13]} {[%emt 00:02:21]} Bf6 {[%clk
00:50:11]} {[%emt 00:16:30]} 16. Bb2 {[%clk 00:59:42]} {[%emt 00:03:02]} Nf3+
{[%clk 00:48:49]} {[%emt 00:01:51]} 17. Bxf3 {[%clk 00:59:38]} {[%emt
00:00:35]} Bxb2 {[%clk 00:49:09]} {[%emt 00:00:10]} 18. Rab1 {[%clk 00:59:53]}
{[%emt 00:00:15]} Bc3 {[%clk 00:49:11]} {[%emt 00:00:27]} 19. Qc1 {[%clk
00:57:53]} {[%emt 00:02:31]} O-O-O {[%clk 00:47:19]} {[%emt 00:02:20]} 20. Ne2
{[%clk 00:55:21]} {[%emt 00:03:03]} Bf6 {[%clk 00:46:11]} {[%emt 00:01:38]} 21.
Bxd5 {[%clk 00:52:31]} {[%emt 00:03:21]} Rxd5 {[%clk 00:45:25]} {[%emt
00:01:15]} 22. a3 {[%clk 00:47:59]} {[%emt 00:05:03]} g5 {[%clk 00:40:55]}
{[%emt 00:05:00]} 23. b4 {[%clk 00:47:37]} {[%emt 00:00:52]} h5 {[%clk
00:41:23]} {[%emt 00:00:01]} 24. bxc5 {[%clk 00:46:23]} {[%emt 00:01:45]} Qxc5
{[%clk 00:41:36]} {[%emt 00:00:17]} 25. c4 {[%clk 00:45:35]} {[%emt 00:01:18]}
Rd7 {[%clk 00:39:45]} {[%emt 00:02:19]} 26. Rb5 {[%clk 00:45:31]} {[%emt
00:00:36]} Qc7 {[%clk 00:37:49]} {[%emt 00:02:19]} 27. Qe3 {[%clk 00:45:06]}
{[%emt 00:01:01]} Kd8 {[%clk 00:18:45]} {[%emt 00:19:35]} 28. Qxa7 {[%clk
00:41:15]} {[%emt 00:04:21]} Ke7 {[%clk 00:18:17]} {[%emt 00:00:57]} 29. Rdb1
{[%clk 00:41:02]} {[%emt 00:00:44]} Rb8 {[%clk 00:17:57]} {[%emt 00:00:49]} 30.
Kh1 {[%clk 00:36:45]} {[%emt 00:04:48]} g4 {[%clk 00:11:00]} {[%emt 00:07:26]}
31. h4 {[%clk 00:32:33]} {[%emt 00:04:43]} Bxh4 {[%clk 00:10:58]} {[%emt
00:00:31]} 32. Nd4 {[%clk 00:31:49]} {[%emt 00:01:15]} Bxf2 {[%clk 00:09:31]}
{[%emt 00:01:56]} 33. Qxb8 {[%clk 00:31:13]} {[%emt 00:01:06]} Qxb8 {[%clk
00:09:06]} {[%emt 00:00:54]} 34. Nc6+ {[%clk 00:31:40]} {[%emt 00:00:04]} bxc6
{[%clk 00:09:19]} {[%emt 00:00:17]} 35. Rxb8 {[%clk 00:32:05]} {[%emt
00:00:05]} Rxd3 {[%clk 00:09:32]} {[%emt 00:00:14]} 36. R8b3 {[%clk 00:32:03]}
{[%emt 00:00:36]} Rd4 {[%clk 00:09:32]} {[%emt 00:00:29]} 37. g3 {[%clk
00:32:00]} {[%emt 00:00:33]} h4 {[%clk 00:05:18]} {[%emt 00:04:44]} 38. gxh4
{[%clk 00:30:39]} {[%emt 00:01:51]} g3 {[%clk 00:04:24]} {[%emt 00:01:24]} 39.
Kg2 {[%clk 00:29:27]} {[%emt 00:01:43]} Rxh4 {[%clk 00:04:51]} {[%emt
00:00:02]} 40. Rh1 {[%clk 00:29:31]} {[%emt 00:00:26]} Rxc4 {[%clk 00:04:53]}
{[%emt 00:00:28]} 41. Rb7+ {[%clk 00:29:38]} {[%emt 00:00:24]} Kd6 {[%clk
00:04:01]} {[%emt 00:01:22]} 42. Rxf7 {[%clk 00:29:52]} {[%emt 00:00:15]} Ra4
{[%clk 00:04:01]} {[%emt 00:00:30]} 43. Rd1+ {[%clk 00:28:23]} {[%emt
00:02:00]} Ke5 {[%clk 00:03:41]} {[%emt 00:00:46]} 44. Rf3 {[%clk 00:28:07]}
{[%emt 00:00:49]} c5 {[%clk 00:03:58]} {[%emt 00:00:10]} 45. Rc3 {[%clk
00:27:54]} {[%emt 00:00:46]} Ke4 {[%clk 00:02:53]} {[%emt 00:01:35]} 46. Rd2
{[%clk 00:26:04]} {[%emt 00:02:21]} e5 {[%clk 00:01:52]} {[%emt 00:01:31]} 47.
Rd1 {[%clk 00:25:36]} {[%emt 00:00:58]} Kf5 {[%clk 00:01:53]} {[%emt 00:00:29]}
48. Rf3+ {[%clk 00:23:34]} {[%emt 00:02:32]} Ke6 {[%clk 00:01:51]} {[%emt
00:00:30]} 49. Rfd3 {[%clk 00:23:41]} {[%emt 00:00:24]} Ra6 {[%clk 00:01:13]}
{[%emt 00:01:08]} 50. Rh1 {[%clk 00:23:03]} {[%emt 00:01:09]} Ra4 {[%clk
00:01:19]} {[%emt 00:00:23]} 51. Rhd1 {[%clk 00:22:46]} {[%emt 00:00:48]} e4
{[%clk 00:01:16]} {[%emt 00:00:32]} 52. Rd6+ {[%clk 00:23:12]} {[%emt
00:00:05]} Ke5 {[%clk 00:01:26]} {[%emt 00:00:17]} 53. R1d5+ {[%clk 00:22:51]}
{[%emt 00:00:53]} Kf4 {[%clk 00:01:44]} {[%emt 00:00:12]} 54. Rf6+ {[%clk
00:23:18]} {[%emt 00:00:03]} Ke3 {[%clk 00:01:57]} {[%emt 00:00:17]} 55. Rxc5
{[%clk 00:23:04]} {[%emt 00:00:45]} Rxa3 {[%emt 00:04:33]} 56. Rfc6 {[%clk
00:19:18]} Ra1 {[%clk 00:01:38]} {[%emt 00:00:57]} 57. Rc1 {[%clk 00:19:09]}
{[%emt 00:00:43]} Rxc1 {[%clk 00:00:51]} {[%emt 00:01:17]} 58. Rxc1 {[%clk
00:19:35]} {[%emt 00:00:03]} Kd2 {[%clk 00:01:18]} {[%emt 00:00:04]} 59. Ra1
{[%clk 00:20:25]} {[%emt 00:00:10]} e3 {[%clk 00:02:06]} {[%emt 00:00:11]} 60.
Ra2+ {[%clk 00:20:44]} {[%emt 00:00:12]} Kd3 {[%clk 00:02:19]} {[%emt
00:00:16]} 61. Kf3 {[%clk 00:20:49]} {[%emt 00:00:26]} Kc3 {[%clk 00:02:24]}
{[%emt 00:00:24]} 62. Re2 {[%clk 00:21:10]} {[%emt 00:00:10]} 1/2-1/2